[Event "GER-chT U20"]
[Site "Chemnitz"]
[Date "2009.12.29"]
[Round "6.6"]
[White "Nitze, Florian"]
[Black "Dopmann, Markus"]
[Result "0-1"]
[WhiteElo "1719"]
[BlackElo "1481"]
[PlyCount "72"]
[EventDate "2009.12.27"]
[EventType "team-swiss"]
[EventRounds "7"]
[EventCountry "GER"]
[SourceTitle "EXT 2022"]
[Source "ChessBase"]
[SourceDate "2021.10.06"]
[SourceVersion "1"]
[SourceVersionDate "2021.10.06"]
[SourceQuality "1"]
[WhiteTeam "Dresden Gruen Weiss U20"]
[BlackTeam "Stadtilm Blau Weiss U20"]
[WhiteTeamCountry "GER"]
[BlackTeamCountry "GER"]

1. d4 d5 2. c4 e6 3. Nf3 Nf6 4. e3 Be7 5. a3 0-0 6. Nc3 Nbd7 7. c5 c6 8. b4 b6 9. Qc2 bxc5 10. bxc5 Re8 11. Bd3 Nf8 12. 0-0 h6 13. Ne5 Qc7 14. f4 N6d7 15. Bd2 Nxe5 16. fxe5 f6 17. exf6 Bxf6 18. Ne2 e5 19. Qa2 e4 20. Bc2 Ba6 21. Rf2 Re6 22. Nf4 Ree8 23. Nh5 Bxd4 24. exd4 e3 25. Rxf8+ Kxf8 26. Be1 Qf7 27. Ng3 e2 28. Bf2 Re6 29. Bf5 Rf6 30. Qc2 g6 31. Bxg6 Qxg6 32. Qxg6 Rxg6 33. Nh5 Kg8 34. Re1 Rf8 35. Ng3 Rgf6 36. Nh1 Rf4 0-1

[Event "GER-chT U20"]
[Site "Chemnitz"]
[Date "2009.12.27"]
[Round "2.6"]
[White "Nitze, Florian"]
[Black "Gharibyan, Harutyun"]
[Result "0-1"]
[WhiteElo "1719"]
[BlackElo "2145"]
[PlyCount "34"]
[EventDate "2009.12.27"]
[EventType "team-swiss"]
[EventRounds "7"]
[EventCountry "GER"]
[SourceTitle "EXT 2022"]
[Source "ChessBase"]
[SourceDate "2021.10.06"]
[SourceVersion "1"]
[SourceVersionDate "2021.10.06"]
[SourceQuality "1"]
[WhiteTeam "Dresden Gruen Weiss U20"]
[BlackTeam "Hamburger SK U20"]
[WhiteTeamCountry "GER"]
[BlackTeamCountry "GER"]

1. d4 Nf6 2. c4 e6 3. Nf3 Bb4+ 4. Bd2 Qe7 5. a3 Bxd2+ 6. Nbxd2 d6 7. g3 e5 8. Bg2 e4 9. Ng5 e3 10. Ndf3 exf2+ 11. Kd2 h6 12. Nh3 Ng4 13. Qb3 0-0 14. Qd3 Re8 15. Rhf1 Ne3 16. Nf4 Bf5 17. Qc3 Nxg2 0-1

[Event "GER-ch U25 op"]
[Site "Willingen"]
[Date "2008.05.13"]
[Round "5"]
[White "Nitze, Florian"]
[Black "Arps, Jan Philipp"]
[Result "0-1"]
[WhiteElo "1530"]
[BlackElo "2027"]
[PlyCount "126"]
[EventDate "2008.05.11"]
[EventType "swiss"]
[EventRounds "9"]
[EventCountry "GER"]
[SourceTitle "CBM 124 Extra"]
[Source "ChessBase"]
[SourceDate "2008.07.03"]
[SourceVersion "1"]
[SourceVersionDate "2008.07.03"]
[SourceQuality "1"]

1. d4 Nf6 2. c4 e5 3. dxe5 Ng4 4. Nf3 Bc5 5. e3 Nc6 6. a3 a5 7. Nc3 0-0 8. h3 Ngxe5 9. Nxe5 Nxe5 10. Be2 Re8 11. 0-0 d6 12. b3 Bd7 13. Bb2 Re6 14. Ne4 Ba7 15. Bxe5 Rxe5 16. Ng3 Qh4 17. Kh2 Rae8 18. Bf3 Rg5 19. Ne2 c6 20. Nf4 Bb8 21. g3 Qh6 22. h4 Rge5 23. Kg2 Qf6 24. Qd2 h6 25. h5 Bc7 26. Rh1 Rg5 27. Rae1 Bg4 28. Bxg4 Rxg4 29. Qd1 Rg5 30. Nh3 Rge5 31. Nf4 Rg5 32. Nh3 Rc5 33. Nf4 a4 34. Nd3 Ra5 35. b4 Raa8 36. Rh4 Qc3 37. c5 Qxa3 38. Qc2 Qb3 39. Qxb3 axb3 40. Rb1 Ra3 41. cxd6 Bxd6 42. Nc1 Re5 43. Rxb3 Rxb3 44. Nxb3 Rb5 45. Rd4 Bxb4 46. Rd7 Bc3 47. Nd4 Bxd4 48. Rxd4 Rd5 49. Re4 Kf8 50. g4 b5 51. Kf3 c5 52. Ke2 f6 53. Re6 Kf7 54. Rb6 b4 55. Rb7+ Ke6 56. Rxg7 c4 57. Rb7 b3 58. f4 Rc5 59. Kd2 c3+ 60. Kc1 b2+ 61. Kc2 Kd5 62. Rh7 Rb5 63. Rd7+ Ke4 0-1

[Event "GER-ch U25 op"]
[Site "Willingen"]
[Date "2008.05.12"]
[Round "3"]
[White "Ackermann, Johannes"]
[Black "Nitze, Florian"]
[Result "1-0"]
[WhiteElo "1902"]
[BlackElo "1530"]
[PlyCount "33"]
[EventDate "2008.05.11"]
[EventType "swiss"]
[EventRounds "9"]
[EventCountry "GER"]
[SourceTitle "CBM 124 Extra"]
[Source "ChessBase"]
[SourceDate "2008.07.03"]
[SourceVersion "1"]
[SourceVersionDate "2008.07.03"]
[SourceQuality "1"]

1. e4 g6 2. d4 Bg7 3. Be3 d6 4. Nc3 c6 5. Qd2 Nd7 6. 0-0-0 b5 7. Bd3 a5 8. f4 Bb7 9. e5 dxe5 10. fxe5 e6 11. Ne4 Bf8 12. Nh3 Qc7 13. Qf2 h6 14. Rhf1 Nb6 15. Nd6+ Bxd6 16. exd6 Qd7 17. Bxg6 1-0